Alle Tom Clancys Rainbow Six Siege Waffen - Statistiken

Allgemein
  • Dieses Quiz wurde 107 mal gespielt
  • Das Durchschnittsergebnis liegt bei 8 aus 104
Antwortstatistiken
Weapon % Korrekt
Rook/Doc/Melusi MP5
59%
P9
47%
Fenrir/Bandit/Zero MP7
44%
Ash/Ram R4-C
43%
Ash/Iana G36C
37%
AK-12
35%
SMG-11
34%
Maverick M4
32%
SMG-12
29%
Tubarao/Valkyrie/Warden MPX
25%
Twitch F2
24%
Wamai/Mute MP5K
24%
Doc/Rook/Solis P90
23%
417
15%
Castle/Pulse UMP45
14%
AR-33
11%
SPAS-12
11%
Super Shorty
11%
AUG A2
10%
Echo/Amaru Supernova
10%
ARX200
9%
Mozzie/Aruni P10 Roni
9%
AK-74M
8%
Glaz Bearing 9
8%
Vigil K1A
8%
Echo MP5SD
8%
Jackal/Osa PDW9
8%
PMM
8%
Lesion/Oryx T-5 SMG
8%
552 Commando
6%
Mozzie Commando 9
6%
Sledge/Thatcher L85A2
6%
Caveira M12
6%
Pulse/Lion/Jäger M870
6%
Super 90
6%
556XI
5%
Vigil/Dokkaebi BOSG.12.2
5%
Gridlock F90
5%
GSh-18
5%
Thermite M1014
5%
SPAS-15
5%
Hibana Type-89
5%
416-C Carbine
4%
Finka/Fuze 6P41
4%
Azami/Kapkan/Tachanka 9x19VSN
4%
Jackal C7E
4%
CAMRS
4%
D-50
4%
Nøkk/Smoke FMG-9
4%
ITA12S
4%
M249
4%
Brava/Capitao Para-308
4%
Ela Scorpion EVO 3 A1
4%
SIX12
4%
Finka/Thunderbird Spear .308
4%
Kaid TCSG12
4%
USP40
4%
1911 Tacops
3%
5.7 USG
3%
ACS12
3%
Maestro ALDA 5.56
3%
Kaid AUG A3
3%
Thorn C75 Auto
3%
FO-12
3%
Amaru/IQ G8A1
3%
Jackal ITA12L
3%
LFP586
3%
Zofia/Ram LMG-E
3%
Dokkaebi/Aruni MK 14 EBR
3%
Blackbeard MK17 CQB
3%
Alibi Mx4 Storm
3%
Ots-03
3%
P226 MK 25
3%
P229
3%
PRB92
3%
Zofia/Ela RG-15
3%
Finka SASG-12
3%
SIX12SD
3%
SR-25
3%
Ying T-95 LSW
3%
Lion V308
3%
Mira/Goyo Vector .45 ACP
3%
.44 Mag Semi-Auto
1%
Frost 9mm C1
1%
Tubarao AR-15.50
1%
Doc Bailiff 410
1%
Buck C8-SFW
1%
CSRX 300
1%
Wamai Keratos.357
1%
Montagne Le Roc Schild
1%
Gridlock M249 SAW
1%
M45 MEUSOC
1%
Sledge M590A1
1%
Zofia M762
1%
MK1 9mm
1%
P-10C
1%
Q-929
1%
Zero SC3000K
1%
SDP 9mm
1%
SG-CQB
1%
SPSMG9
1%
DP27
0%
Blitz Elektro Einsatzschild
0%
Fuze G52 Taktischer Schild
0%
Keine übereinstimmenden Quizze gefunden
Verteilung der Resultate
Anzahl Personen mit jedem Resultat
Perzentil nach korrekt beantworteten Fragen
Ihre Resultats-Entwicklung
Sie haben dieses Quiz noch nicht gespielt